Countries with the Most Islands - Statistics

General Stats
  • This quiz has been taken 118 times
  • The average score is 9 of 11
Answer Stats
Number of Islands Answer % Correct
17 Thousand Islands Indonesia
92%
18 Thousand Islands United States
91%
239 Thousand Islands Norway
89%
52 Thousand Islands Canada
88%
178 Thousand Islands Finland
87%
267 Thousand Islands Sweden
87%
7.6 Thousand Islands Philippines
84%
6.8 Thousand Islands Japan
82%
8.2 Thousand Islands Australia
78%
5 Thousand Islands (tie) China
70%
5 Thousand Islands (tie) Chile
57%
No matching quizzes found
Score Distribution
Percent of People with Each Score
Percentile by Number Answered
Your Score History
You have not taken this quiz